000 00765nam a2200265Ia 4500
003 OSt
005 20220925215317.0
006 a|||||r|||| 00| 0
007 ta
008 220923b |||||||| |||| 00| 0 eng d
020 _a0 435 82418 X
037 _cGeneral Book
040 _aRTL
_cRTL
_beng
041 _2eng
_aeng
082 _aSigma b4, L8
100 _aHoinville Gerald
_9282561
245 0 _aSurvey research practice
260 _aLondon
_bHeinemann UK
_c1978
300 _axii, 228p.
_ccm.
500 _aBibliography P 188-98; Appendix P 199-223
650 _aSocial Science
_911018
700 _a Jowell Roger
_9282562
942 _hSigma b4, L8
_cGB
_2CC
999 _c568456
_d568456